Building reliable and maintainable Dynamic Software Product Lines: An investigation in the Body Sensor Network domain (Record no. 340892)
[ view plain ]
| 000 -LEADER | |
|---|---|
| fixed length control field | 00707nam a2200181Ia 4500 |
| 008 - FIXED-LENGTH DATA ELEMENTS--GENERAL INFORMATION | |
| fixed length control field | 170725s9999 xx 000 0 und d |
| 100 ## - MAIN ENTRY--PERSONAL NAME | |
| Personal name | Leonardo Pessoa |
| 245 ## - TITLE STATEMENT | |
| Title | Building reliable and maintainable Dynamic Software Product Lines: An investigation in the Body Sensor Network domain |
| 245 ## - TITLE STATEMENT | |
| Statement of responsibility, etc | Leonardo Pessoa, Paula Fernandes, Thiago Castro, Vander Alves, Genaína N. Rodrigues, Hervaldo Carvalho |
| 260 ## - PUBLICATION, DISTRIBUTION, ETC. (IMPRINT) | |
| Date of publication, distribution, etc | 2017 |
| 300 ## - PHYSICAL DESCRIPTION | |
| Extent | pages 54-70, June |
| 440 ## - SERIES STATEMENT/ADDED ENTRY--TITLE | |
| Title | Information and software technology |
| Volume number/sequential designation | 86: |
| 500 ## - GENERAL NOTE | |
| General note | CJ0031 |
| 650 ## - SUBJECT ADDED ENTRY--TOPICAL TERM | |
| Topical term or geographic name as entry element | Body Sensor Network |
| 650 ## - SUBJECT ADDED ENTRY--TOPICAL TERM | |
| Topical term or geographic name as entry element | Context-awareness; Adaptiveness |
| 650 ## - SUBJECT ADDED ENTRY--TOPICAL TERM | |
| Topical term or geographic name as entry element | Dynamic Software Product Lines |
| 650 ## - SUBJECT ADDED ENTRY--TOPICAL TERM | |
| Topical term or geographic name as entry element | Reliability; Maintainability |
| Withdrawn status | Lost status | Damaged status | Home library | Current library | Date acquired | Total Checkouts | Date last seen | Price effective from | Koha item type |
|---|---|---|---|---|---|---|---|---|---|
| College Library | College Library | 07/25/2017 | 07/25/2017 | 07/25/2017 | Periodicals |